Statistics for Pyramid Quiz

Click here to take the quiz!

General Stats

  • This quiz has been taken 64 times
    (58 since last reset)
  • The average score is 7 of 9

Answer Stats

HintAnswer% Correct
Pa's wife?MA
98%
Roman numeral for 1,000M
96%
Term that can mean either crazy or angryMAD
96%
The collective term for communications tools like TV, radio, Newspaper etc.MEDIA
90%
Female equivalent of sir (for knights)DAME
76%
Pertaining to healthcareMEDICAL
73%
The numbers after the dotDECIMALS
63%
Pertaining to the middleMEDIAL
53%
What a referee did when he made the wrong judgementMISCALLED
24%

Score Distribution

Percentile by Number Answered

Percent of People with Each Score

Your Score History

You have not taken this quiz since the last reset